Гидрохимические процессы формирования минералов в водосодержащей среде; Известия Томского политехнического университета [Известия ТПУ]; Т. 322, № 1 : Науки о Земле

Dettagli Bibliografici
Parent link:Известия Томского политехнического университета [Известия ТПУ]/ Томский политехнический университет (ТПУ).— , 2000-
Т. 322, № 1 : Науки о Земле.— 2013.— [С. 5-10]
Autore principale: Онуфриенок В. В. Виктор Васильевич
Riassunto:Заглавие с титульного листа
Электронная версия печатной публикации
Проводились исследования особенностей гидратации парами атмосферной воды сульфидов железа с различным соотношением серы и железа, полученных методом сухого синтеза. Образцы после синтеза, по данным рентгеноструктурного анализа, не содержали соединений с кислородом, водородом и гидроксильной группой. Процесс гидратации сульфидных фаз осуществлялся путем адсорбции воды из атмосферы воздуха при температуре 293 К без вмешательства исследователей в течение 29 лет после синтеза. Рентгеноструктурный анализ фазового состава выдержанных образцов показал наличие соединений, в структуре которых содержится гидроксильная группа ОН: парабутлерит - Fe(SO[4])(OH)2H[2]O, гетит - FeO(HO), сомольнокит - Fe(SO[4])(H[2]O), розенит - Fe(SO[4])4(H[2]O), ромбоклазит - FeH(SO[4])[2]4(H[2]O). Эти образцы содержали первоначально сульфиды железа в метастабильном состоянии. Установлено, что узкие интервалы ряда стабильных пирротинов FeS, Fe[0,875]S, Fe[0,905]S, Fe[0,950]S и Fe[0,975]S не содержат фаз с гидроксильной группой. Полученные результаты исследований показывают, что гидратации подвергаются метастабильные сульфиды железа, и при адсорбции воды образуются соединения, в структуре которых содержится вода в связанном состоянии.
Lingua:russo
Pubblicazione: 2013
Serie:Минералогия
Soggetti:
Accesso online:http://earchive.tpu.ru/bitstream/11683/4615/1/bulletin_tpu-2013-322-1-01.pdf
Natura: MixedMaterials Elettronico Capitolo di libro
KOHA link:https://koha.lib.tpu.ru/cgi-bin/koha/opac-detail.pl?biblionumber=233866

MARC

LEADER 00000nla2a2200000 4500
001 233866
005 20231031203639.0
035 |a (RuTPU)RU\TPU\book\254948 
035 |a RU\TPU\book\242922 
090 |a 233866 
100 |a 20130313d2013 k y0rusy50 ca 
101 0 |a rus 
102 |a RU 
135 |a drnn ---uucaa 
181 0 |a i  
182 0 |a b 
200 1 |a Гидрохимические процессы формирования минералов в водосодержащей среде  |b Электронный ресурс  |f В. В. Онуфриенок 
203 |a Текст  |c электронный 
215 |a 1 файл (129 Кб) 
225 1 |a Минералогия 
230 |a Электронные текстовые данные (1 файл : 129 Кб) 
300 |a Заглавие с титульного листа 
300 |a Электронная версия печатной публикации 
320 |a [Библиогр.: с. 10 (11 назв.)] 
330 |a Проводились исследования особенностей гидратации парами атмосферной воды сульфидов железа с различным соотношением серы и железа, полученных методом сухого синтеза. Образцы после синтеза, по данным рентгеноструктурного анализа, не содержали соединений с кислородом, водородом и гидроксильной группой. Процесс гидратации сульфидных фаз осуществлялся путем адсорбции воды из атмосферы воздуха при температуре 293 К без вмешательства исследователей в течение 29 лет после синтеза. Рентгеноструктурный анализ фазового состава выдержанных образцов показал наличие соединений, в структуре которых содержится гидроксильная группа ОН: парабутлерит - Fe(SO[4])(OH)2H[2]O, гетит - FeO(HO), сомольнокит - Fe(SO[4])(H[2]O), розенит - Fe(SO[4])4(H[2]O), ромбоклазит - FeH(SO[4])[2]4(H[2]O). Эти образцы содержали первоначально сульфиды железа в метастабильном состоянии. Установлено, что узкие интервалы ряда стабильных пирротинов FeS, Fe[0,875]S, Fe[0,905]S, Fe[0,950]S и Fe[0,975]S не содержат фаз с гидроксильной группой. Полученные результаты исследований показывают, что гидратации подвергаются метастабильные сульфиды железа, и при адсорбции воды образуются соединения, в структуре которых содержится вода в связанном состоянии. 
337 |a Adobe Reader 
461 1 |0 (RuTPU)RU\TPU\book\176237  |t Известия Томского политехнического университета [Известия ТПУ]  |f Томский политехнический университет (ТПУ)  |d 2000- 
463 1 |0 (RuTPU)RU\TPU\book\254945  |x 1684-8519  |t Т. 322, № 1 : Науки о Земле  |v [С. 5-10]  |d 2013  |p 175 с. 
610 1 |a гидроксильные группы 
610 1 |a метастабильные сульфиды железа 
610 1 |a рентгеноструктурный анализ 
610 1 |a фазовый состав 
610 1 |a электронный ресурс 
700 1 |a Онуфриенок  |b В. В.  |g Виктор Васильевич 
801 1 |a RU  |b 63413507  |c 20090623  |g PSBO 
801 2 |a RU  |b 63413507  |c 20220124  |g PSBO 
856 4 |u http://earchive.tpu.ru/bitstream/11683/4615/1/bulletin_tpu-2013-322-1-01.pdf 
942 |c CF